Znovu o šoku a vývoji.

Na mnohých medzinárodných stretnutiach ekonómov sa odporúčalo začať proces prestavby komunistickej ekonomiky jej reštrukturalizáciou, neponáhľať sa s privatizáciou štátnych podnikov. Polemika s týmto názorom a skúmanie otázky, či je reštrukturalizácia efektívnejšia pred privatizáciou, v súvislosti s...

Descrizione completa

Salvato in:
Dettagli Bibliografici
Autore principale: Tuček, M.
Natura: Capitolo di libro
Lingua:ceco
Soggetti:
Tags: Aggiungi Tag
Nessun Tag, puoi essere il primo ad aggiungerne!!

MARC

LEADER 00000naa a2200000 4500
001 r009727
005 20220831084252.3
041 0 |a cze 
044 |a [CS] 
245 1 0 |a Znovu o šoku a vývoji.  |c M. Tuček 
520 |a Na mnohých medzinárodných stretnutiach ekonómov sa odporúčalo začať proces prestavby komunistickej ekonomiky jej reštrukturalizáciou, neponáhľať sa s privatizáciou štátnych podnikov. Polemika s týmto názorom a skúmanie otázky, či je reštrukturalizácia efektívnejšia pred privatizáciou, v súvislosti s ňou, kedy tlak na reštrukturalizáciu vytvára trh. Postkomunistické štáty nemusia prejsť etapou deštrukcie. Problémom je nedostatočná prispôsobivosť rodiacemu sa trhu. 
610 2 0 |a zmeny štruktúrne 
610 2 0 |a reformy hospodárske 
610 2 0 |a vývoj hospodársky 
610 2 0 |a privatizácia 
610 2 0 |a trh 
610 2 0 |a ČSFR 
100 1 |a Tuček, M.